|
|
|
|
| LEADER |
00000nam0a2200000 4500 |
| 001 |
679728 |
| 005 |
20250505105545.0 |
| 010 |
|
|
|a 978-5-406-13699-7
|
| 090 |
|
|
|a 679728
|
| 100 |
|
|
|a 20250416d2025 m||y0rusy50 ca
|
| 101 |
0 |
|
|a rus
|
| 102 |
|
|
|a RU
|
| 105 |
|
|
|a a j 001yy
|
| 181 |
|
0 |
|a i
|b e
|
| 182 |
|
0 |
|a n
|
| 183 |
|
0 |
|a nc
|2 RDAcarrier
|
| 200 |
1 |
|
|a Нанотехнологии в биологии и медицине
|e учебное пособие
|f В. Г. Артюхов, М. А. Наквасина
|
| 203 |
|
|
|a Текст
|b визуальный
|c непосредственный
|
| 210 |
|
|
|a Москва
|c Кнорус
|d 2025
|
| 215 |
|
|
|a 240 с.
|c ил.
|
| 225 |
1 |
|
|a Специалитет и ординатура
|
| 283 |
|
|
|a volume
|2 RDAcarrier
|
| 320 |
|
|
|a Литература: с. 230-239
|
| 330 |
|
|
|a Изложены современные представления об основных направлениях, достижениях, проблемах и перспективах развития бионанотехнологии. Главное внимание уделено описанию наночастиц и наноматериалов как наиболее развитому направлению нанотехнологий. Рассмотрены основные методы характеризации наноструктур и наноматериалов, особенности наночастиц, обеспечивающие проявление их свойств, отличных от таковых для макроматериалов и важные для их биомедицинского применения. Соответствует ФГОС ВО последнего поколения. Для студентов специалитета и ординатуры, обучающихся по медицинским специальностям.
|
| 606 |
|
|
|a Нанобиотехнология
|9 85330
|
| 606 |
|
|
|a Медицина
|9 61564
|
| 610 |
1 |
|
|a наночастицы
|
| 610 |
1 |
|
|a наноматериалы
|
| 610 |
1 |
|
|a биогенные наночастицы
|
| 610 |
1 |
|
|a липосомы
|
| 610 |
1 |
|
|a дендримеры
|
| 610 |
1 |
|
|a нуклеиновые кислоты
|
| 610 |
1 |
|
|a биосенсоры
|
| 610 |
1 |
|
|a тканевая инженерия
|
| 610 |
1 |
|
|a учебные пособия
|
| 675 |
|
|
|a 60(075.8)
|v 4
|
| 675 |
|
|
|a 61(075.8)
|v 4
|
| 700 |
|
1 |
|a Артюхов
|b В. Г.
|g Валерий Григорьевич
|
| 701 |
|
1 |
|a Наквасина
|b М. А.
|g Марина Александровна
|
| 801 |
|
0 |
|a RU
|b 63413507
|c 20250415
|
| 850 |
|
|
|a 63413507
|
| 942 |
|
|
|c BK
|